Comically Obvious Brand Knock-offs III Quiz Stats

 Plays Quiz Updated Jun 6, 2016

Score 0/20 Timer 05:00
0 Plays Today
% Correct
Colgate
98.2%
Peanuts
98.1%
Dr. Pepper
97.5%
Wii
97%
Apple
96.8%
Super Mario Bros.
96.4%
SpongeBob SquarePants
96.2%
Angry Birds
96.2%
Red Bull
95.8%
Gucci
95.7%
% Correct
Sharpie
95.1%
Star Wars
94.9%
Happy Feet
94.8%
Prada
94.3%
Playboy
93.2%
Armani
89.7%
Lego
88.8%
Hamburger Helper
78%
Nerf
76.9%
Johnnie Walker
62%

You're not logged in!

Compare scores with friends on all Sporcle quizzes.
OR
Log In

You Might Also Like...

Show Comments

Extras

Top Quizzes Today


Score Distribution

Your Account Isn't Verified!

In order to create a playlist on Sporcle, you need to verify the email address you used during registration. Go to your Sporcle Settings to finish the process.

Report this User

Report this user for behavior that violates our Community Guidelines.

Details: